Phương Lựu tuyển tập Lý luận văn học Mác - Lênin T.3
v.v...
Đã lưu trong:
| Tác giả chính: | |
|---|---|
| Định dạng: | Sách |
| Năm xuất bản: |
H.
Giáo dục
2006
|
| Chủ đề: | |
| Tags: |
Thêm thẻ
Không có thẻ, Hãy là người đầu tiên gắn thẻ bản ghi này!
|
| LEADER | 00753nam a2200229 4500 | ||
|---|---|---|---|
| 082 | |a 809 |b PH 561 L | ||
| 100 | |a Phương Lựu | ||
| 245 | |a Phương Lựu tuyển tập |c Phương Lựu |n T.3 |b Lý luận văn học Mác - Lênin | ||
| 260 | |a H. |b Giáo dục |c 2006 | ||
| 300 | |a 744tr. |c 24cm | ||
| 520 | |a v.v... | ||
| 653 | |a Văn học | ||
| 653 | |a Việt Nam | ||
| 653 | |a Trung Quốc | ||
| 653 | |a Nga | ||
| 653 | |a Nhật | ||
| 653 | |a Văn học Phương Tây | ||
| 653 | |a Lý luận văn học | ||
| 653 | |a Văn học Phương Đông | ||
| 942 | |2 ddc |c SH | ||
| 999 | |c 1730 |d 1730 | ||
| 952 | |0 0 |1 0 |2 ddc |4 0 |6 809_PH_561000000000000_L |7 0 |8 800 |9 28454 |a qbu |b qbu |c D5 |d 2014-12-10 |g 132000 |l 1 |o 809 PH 561 L |p 5399.C1 |r 2016-03-10 |s 2016-02-29 |w 2014-12-10 |y STK0 | ||